Platnosť právneho úkonu uskutočneného v rozpore so súdnym zákazom

Dovolenosť ako základný atribút platného právneho úkonu. Viaceré argumenty odznievajúce v diskurze o platnosti právneho úkonu uskutočneného v rozpore so súdnym zákazom. Modelové príklady.

Gespeichert in:
Bibliographische Detailangaben
1. Verfasser: Bröstl, Alexander
Format: Buchkapitel
Sprache:Slowakisch
Schlagworte:
Tags: Tag hinzufügen
Keine Tags, Fügen Sie das erste Tag hinzu!

MARC

LEADER 00000naa a2200000 4500
001 0269005
005 20201006122612.3
041 0 |a slo 
044 |a SK 
245 1 0 |a Platnosť právneho úkonu uskutočneného v rozpore so súdnym zákazom  |c Alexander Bröstl 
520 |a Dovolenosť ako základný atribút platného právneho úkonu. Viaceré argumenty odznievajúce v diskurze o platnosti právneho úkonu uskutočneného v rozpore so súdnym zákazom. Modelové príklady. 
610 2 0 |a úkony právne 
610 2 0 |a súdy 
610 2 0 |a opatrenia 
610 2 0 |a platnosť 
610 2 0 |a neplatnosť 
100 1 |a Bröstl, Alexander